|
|
|
|
| LEADER |
01108nam a22002657a 4500 |
| 001 |
41947 |
| 003 |
BD-DhAAL |
| 005 |
20240627143144.0 |
| 008 |
231107t2018 uk a|||| |||| 00| 0 eng d |
| 020 |
|
|
|a 9780241340660
|
| 040 |
|
|
|a BD-DhAAL
|d BD-DhAAL
|
| 082 |
|
|
|a 294.344
|2 23
|
| 100 |
|
|
|a Sunim, Haemin.
|9 55295
|
| 245 |
|
|
|a The things you can see only when you slow down :
|b how to be calm in a busy world /
|c Haemin Sunim; Chi-Young Kim (Translator), Youngcheol Lee (Illustrator).
|
| 260 |
|
|
|a United kingdom :
|b Penguin Life, an imprint of Penguin Books,
|c 2018.
|
| 300 |
|
|
|a 265 pages :
|b colour illustrations ;
|c 18 cm.
|
| 526 |
|
|
|a GenEd
|
| 541 |
|
|
|a Book Finder International
|e 41947
|
| 650 |
|
|
|a Spiritual life
|x Buddhism.
|9 55777
|
| 650 |
|
|
|a Conduct of life.
|
| 650 |
|
|
|a Mindfulness (Psychology).
|9 55778
|
| 650 |
|
|
|a Slow life (Mouvement).
|9 55779
|
| 942 |
|
|
|2 ddc
|c BK
|
| 999 |
|
|
|c 46069
|d 46069
|
| 952 |
|
|
|0 0
|1 0
|2 ddc
|4 0
|6 294_344000000000000_SUN
|7 0
|9 74621
|a SCL
|b SCL
|c GEN
|d 2023-10-17
|e Book Finder International
|g 1030.90
|l 7
|m 26
|o 294.344 SUN
|p 3020041947
|r 2025-07-24
|s 2025-02-24
|t 1
|v 1030.90
|w 2023-10-17
|y BK
|